000 00693nam a22002057a 4500
003 OSt
005 20250116025417.0
008 250116b |||||||| |||| 00| | eng d
020 _a978-981-4780-30-8
040 _cJMCFI - Learning Resource Center
082 _aF.P./IT.Ed. 658.0558 H174 2017
100 _aHall, James A
_91480
245 _aInformation technology auditing /
_cJames A. Hall.
250 _a4th edition.
260 _aSingapore :
_bCengage Learning Asia Pte Ltd.,
_c2017.
300 _axv, 635 pages :
_bblack and white, illus. ;
_c25 cm
500 _aIncludes indexes and glossary.
650 _aElectronic data processing
_xAuditing.
_94829
942 _2ddc
_cBK
_e4th edition
_n0
999 _c2788
_d2788